"thank u, next" ariana grande album - Statistiques

Statistiques générales
  • Ce quiz a été pris 742 fois
  • Le résultat moyen est 9 sur 12
Statistiques - réponses
places titles % Correct
11 thank u, next
97%
10 7 rings
92%
1 imagine
80%
3 NASA
79%
8 ghostin
77%
2 needy
77%
4 bloodline
75%
5 fake smile
73%
7 make up
73%
12 break up with your girlfriend, i'm bored
72%
6 bad idea
69%
9 in my head
67%
Aucun quiz correspondant
Distribution des résultats
% des personnes avec chaque résultat
Percentile par nombre de réponses
Votre historique - résultats
Vous n’avez pas pris ce quiz